100 Najwyższych budynków w Polsce - Statystyki

Ogólne statystyki
  • Ten quiz został rozwiązany 20 razy
  • Średni wynik to 89 z 100
Statystyki odpowiedzi
# Nazwa Miasto Wysokość
Całkowita (m)
L. Kondygnacji % Poprawnych
23 KTW II Katowice 134 31
100%
27 Altus Katowice 125 29
100%
41 Biurowiec wojewódzki w K___ Katowice 105 22
100%
45 Global Office Park Katowice 104 25
100%
54 Stalexport 1 Katowice 99 22
100%
67 Stalexport 2 Katowice 92 20
100%
77 Kukurydza - ul. ZawiszyCzarnego 4 Katowice 87 27
100%
78 Kukurydza - ul. ZawiszyCzarnego 6 Katowice 87 27
100%
79 Kukurydza - ul. Zawiszy Czarnego 10 Katowice 87 27
100%
82 Kościół Świętych Apostołów Piotra i Pawła w K___ Katowice 86 Brak danych
100%
1 Varso Warszawa 310 55
100%
2 PałacKultury i Nauki Warszawa 237 42
100%
4 W___Spire Warszawa 220 49
100%
6 W___ TradeTower Warszawa 208 43
100%
7 W___ Unit Warszawa 202 46
100%
8 Sky Liner Warszawa 195 45
100%
9 Q22 Warszawa 159 42
100%
10 Złota 44 Warszawa 192 54
100%
11 Rondo 1 Warszawa 192 40
100%
13 Centrum LIM Warszawa 170 42
100%
14 W___ FinancialCenter Warszawa 165 34
100%
15 InterContinental W____ Warszawa 164 45
100%
16 Cosmopolitan Warszawa 160 46
100%
17 Chałubińskiego 8 Warszawa 150 42
100%
20 Mennica LegacyTower Warszawa 141 34
100%
21 Generation Park Warszawa 140 38
100%
22 Intraco I Warszawa 138 39
100%
24 The W___ Hub Warszawa 130 31
100%
25 Spektrum Warszawa 128 30
100%
28 Forest Warszawa 120 30
100%
29 Łucka city Warszawa 120 30
100%
30 BłękitnyWieżowiec Warszawa 120 28
100%
31 Atlas tower Warszawa 116 28
100%
32 Central tower Warszawa 115 26
100%
33 Novotel W___ centrum Warszawa 111 33
100%
39 Skylight Warszawa 105 26
100%
40 Babka Tower Warszawa 105 28
100%
46 IImet Warszawa 103 22
100%
47 Świętokrzyska 35 Warszawa 103 25
100%
57 PZU Tower Warszawa 97 25
100%
59 Prime CorporateCorner Warszawa 96 23
100%
61 Widok Towers Warszawa 95 28
100%
62 Hotel Hiliton Warszawa 94 28
100%
63 North Gate Warszawa 94 25
100%
64 The Westin W___ Warszawa 94 22
100%
65 Bliska Wola tower Warszawa 92 27
100%
66 JM Tower Warszawa 92 27
100%
70 Unique Tower Warszawa 91 30
100%
72 Plac Unii Warszawa 90 22
100%
75 Varso 2 Warszawa 90 21
100%
76 Eurocentrum Alfa Warszawa 88 21
100%
80 Ściana Wschodnia - ul. Zgoda 13 Warszawa 87 24
100%
81 Central Point Warszawa 86 22
100%
85 Platinum Tower I Warszawa 85 22
100%
86 Platinum Tower II Warszawa 85 22
100%
88 Aura Sky Warszawa 85 26
100%
89 Pekao Tower Warszawa 85 20
100%
90 Ściana Wschodnia - ul.Świętokrzyska 35 Warszawa 85 24
100%
98 Warta Tower Warszawa 82 22
100%
5 Sky Tower Wrocław 212 51
100%
35 Dom Akademicki „Kredka“ Wrocław 110 23
100%
57 Archikatedra św. Jana Chrzciciela we W___ Wrocław 97,5 Brak danych
100%
69 Bazylika Św. ElżbietyWe W___ Wrocław 91,4 Brak danych
100%
12 Oliwia Star Gdańsk 180 35
94%
53 Organika Trade Gdańsk 100 20
94%
73 Zieleniak Gdańsk 90 17
94%
87 Centrum BiuroweNeptun Gdańsk 85 19
94%
96 Kościół NajświętszejMaryi Panny Królowej Różańca Świętego w G___ Gdańsk 83 Brak danych
94%
100 BazylikaKonkatedralna Wniebowzięcia Najświętszej Maryi Panny w G___ Gdańsk 82 Brak danych
94%
18 Sea Towers Gdynia 142 36
94%
42 K1 Kraków 105 20
94%
49 Unity Tower Kraków 102,5 27
94%
99 Kościół Mariacki w K____ Krakow 82 Brak danych
94%
43 BazylikaArchikatedralna św. Stanisława Kostki w Ł___ Łódź 104,5 Brak danych
88%
94 Hi Piotrowska 155 Łódź 84 21
88%
37 Collegium Altum Poznań 106 22
88%
50 Andersa Tower Poznań 102 21
88%
71 P____ FinancialCentre Poznań 91 19
88%
3 OlszynkiPark Rzeszów 220,6 41
88%
92 Capital Towers Rzeszów 85 25
88%
26 PAZIM Szczecin 128 22
88%
34 BazylikaArchikatedralna Św. Jakuba w S_____ Szczecin 110,2 Brak danych
88%
44 Hanza tower Szczecin 104 27
88%
36 Bazylika Jasnogórska Częstochowa 106,3 36
82%
38 Gmach lubuskiego Urzędu wojewódzkiego Gorzów Wielkopolski 106 15
82%
97 Kościół Najświętszego Serca Pana Jezusa w O___ Olsztyn 83 Brak danych
82%
83 Kościół św katarzyny W T___ Toruń 86 Brak danych
76%
68 Kościół św. Bartłomieja W G____ Gliwice 92 Brak danych
71%
58 Katedra św. Mikołaja w E__ Elbląg 97 Brak danych
59%
93 BudynekWydziału Nauk Przyrodniczych Uniwersytetu Śląskiego Sosnowiec 84 20
59%
91 Bazylika KatedralnaWniebowzięcia Najświętszej Maryi Panny We W___ Włocławek 85 Brak danych
59%
19 BazylikaNajświętszej Maryi Panny Liche_____ Licheń Stary 141,5 31
53%
84 Bazylika NajświętszejMaryi Panny Anielskiej W D___ Dąbrowa Górnicza 86 Brak danych
47%
51 Katedra św. Stanisława i św. Wacława w Ś___ Świdnica 101,2 Brak danych
41%
60 Bazylika Św. AntoniegoW R___ Rybnik 96 Brak danych
35%
55 Kościół św. Jana w S___ Stargard 99 Brak danych
12%
95 KolegiataNajświętszej Maryi Panny Królowej Świata w S___ Stargard 83,5 Brak danych
12%
52 Kościół WniebowzięciaNajświętszej Maryi Panny w B___ Bielawa 101 Brak danych
6%
48 Kościół Mariacki W C____ Chojna 102,6 Brak danych
6%
74 Kościół MacierzyństwaNajświętszej Maryi Panny W T___ Trzebiatów 90 Brak danych
6%
Nie znaleziono quizów pasujących do podanych kryteriów
Rozkład punktacji
Procent ludzi z każdym wynikiem
Percentyl według liczby udzielonych odpowiedzi
Twoja historia wyników
Nie rozwiązałeś tego quizu